Personaggi de Il Re Leone per immagini - Statistics

Statistiche generali
  • Questo quiz è stato fatto 108 volte
  • Il punteggio medio è 8 su 16
Statistiche sulle risposte
con Immagini Risposta % Corretto
Mufasa
98%
Simba
98%
Pumbaa
96%
Scar
94%
Timon
92%
Nala
76%
Rafiki
60%
Zazu
55%
Kiara
42%
Sarabi
33%
Ed
21%
Banzai e Shenzi
19%
Kovu
19%
Zira
17%
Nuka
13%
Vitani
10%
Nessun quiz corrispondente trovato
Distribuzione punteggi
Percentuale di utenti per punteggio
Percentile per numero di risposta
I tuoi punteggi nel tempo
Non hai fatto questo quiz